Normal view
MARC view
- Kinney, Larry L.
Entry Personal Name
001 - CONTROL NUMBER
- control field: 17986
003 - CONTROL NUMBER IDENTIFIER
- control field: NUST
005 - DATE AND TIME OF LATEST TRANSACTION
- control field: 20190718061334.0
008 - FIXED-LENGTH DATA ELEMENTS
- fixed length control field: 190718|| aca||aabn | a|a d
040 ## - CATALOGING SOURCE
- Original cataloging agency: NUST
- Transcribing agency: NUST
100 ## - HEADING--PERSONAL NAME
- Personal name: Kinney, Larry L.
670 ## - SOURCE DATA FOUND
- Source citation: Work cat.: (NUST)0: Roth, Charles H. 17981, Fundamentals of logic design /
